[Event "22. Torneo San Viator"]
[Site "Madrid ESP"]
[Date "2014.05.11"]
[Round "6.10"]
[White "Sanchez Rodenas, Jose Antonio"]
[Black "Alonso Abad, Enrique"]
[Result "0-1"]
[WhiteElo "1738"]
[BlackElo "1917"]
[PlyCount "104"]
[EventDate "2014.03.23"]
[EventType "swiss"]
[EventRounds "9"]
[EventCountry "ESP"]
[SourceTitle "Ajedrez en Madrid"]
[Source "lmi"]
[SourceDate "2014.03.23"]
[SourceVersion "1"]
[SourceVersionDate "2014.07.21"]
[SourceQuality "1"]

1. d4 Nf6 2. c4 c5 3. d5 e6 4. Nc3 exd5 5. cxd5 d6 6. e4 a6 7. a4 g6 8. Nf3 Bg7
9. Be2 Bg4 10. h3 Bxf3 11. Bxf3 O-O 12. Bf4 Re8 13. O-O Qc7 14. Re1 Nbd7 15.
Rc1 Ne5 16. Bxe5 Rxe5 17. Qc2 Rae8 18. g3 Nd7 19. Bg2 f5 20. f4 R5e7 21. Kf1
Bxc3 22. bxc3 fxe4 23. Bxe4 Nf6 24. Bf3 c4 25. Qf2 Ne4 26. Bxe4 Rxe4 27. Rxe4
Rxe4 28. Re1 Qe7 29. Rxe4 Qxe4 30. Qe2 Qxd5 31. Qe8+ Kg7 32. Qe7+ Kh6 33. Qf8+
Kh5 34. Qf6 Qf3+ 35. Ke1 Qxg3+ 36. Kd2 Qf2+ 37. Kd1 Qc5 38. Qe7 Qg1+ 39. Ke2
Qh2+ 40. Kd1 Qh1+ 41. Ke2 Qg2+ 42. Kd1 Qxh3 43. Kc2 Qd3+ 44. Kb2 Qd2+ 45. Kb1
Qd1+ 46. Kb2 Qb3+ 47. Kc1 Qxc3+ 48. Kb1 Qd3+ 49. Kc1 h6 50. Qe6 Qf1+ 51. Kc2
Qxf4 52. Qd5+ Qf5+ 0-1

[Event "22. Torneo San Viator"]
[Site "Madrid ESP"]
[Date "2014.05.11"]
[Round "6.11"]
[White "Rodriguez Lucena, Angel"]
[Black "Padin Lazaro, Jose Manuel"]
[Result "0-1"]
[WhiteElo "1706"]
[BlackElo "1862"]
[PlyCount "68"]
[EventDate "2014.03.23"]
[EventType "swiss"]
[EventRounds "9"]
[EventCountry "ESP"]
[SourceTitle "Ajedrez en Madrid"]
[Source "lmi"]
[SourceDate "2014.03.23"]
[SourceVersion "1"]
[SourceVersionDate "2014.07.21"]
[SourceQuality "1"]

1. e4 e6 2. d4 d5 3. e5 c5 4. c3 Nc6 5. Nf3 Qb6 6. a3 Nh6 7. b4 cxd4 8. Bxh6
gxh6 9. cxd4 Bg7 10. b5 Nxd4 11. Qxd4 Qxd4 12. Nxd4 Bxe5 13. Nc2 Bxa1 14. Nxa1
e5 15. Be2 Rg8 16. g3 Bf5 17. Nc3 Rc8 18. Kd2 d4 19. Nd5 Rg6 20. Re1 Re6 21.
Bf3 Rc5 22. Nb3 Rc2+ 23. Kd1 Kd7 24. Bh5 Rxf2 25. Nc5+ Kd6 26. Nxe6 Bxe6 27.
Nb4 Rxh2 28. Bf3 Bc4 29. Bxb7 Bxb5 30. Be4 a5 31. Nd5 f5 32. Bxf5 Kxd5 33. Bxh7
d3 34. Bg6 Ba4+ 0-1

[Event "22. Torneo San Viator"]
[Site "Madrid ESP"]
[Date "2014.05.11"]
[Round "6.13"]
[White "Medrano Del Val, Julio"]
[Black "Fintineru Seuleanu, Antonio"]
[Result "1-0"]
[WhiteElo "1794"]
[BlackElo "1498"]
[PlyCount "63"]
[EventDate "2014.03.23"]
[EventType "swiss"]
[EventRounds "9"]
[EventCountry "ESP"]
[SourceTitle "Ajedrez en Madrid"]
[Source "lmi"]
[SourceDate "2014.03.23"]
[SourceVersion "1"]
[SourceVersionDate "2014.07.21"]
[SourceQuality "1"]

1. d4 c6 2. c4 d5 3. Nc3 Nf6 4. Nf3 dxc4 5. e4 b5 6. g3 Bg4 7. Bg2 b4 8. e5 Nd5
9. Ne4 Nd7 10. O-O h6 11. Qc2 Bf5 12. Re1 N7b6 13. Nf6+ Nxf6 14. Qxf5 g6 15.
Qc2 Nfd5 16. e6 f5 17. Ne5 Qc8 18. Nxg6 Rg8 19. Qxf5 Nf6 20. Nxf8 Kxf8 21.
Bxh6+ Ke8 22. Rac1 Qb7 23. Bg5 Rf8 24. Qc5 Rc8 25. a3 b3 26. Bxf6 Rxf6 27. Re5
Rc7 28. Rh5 Rf8 29. Rh7 Qc8 30. Re1 Qb7 31. Qh5+ Kd8 32. Rh8 1-0

[Event "22. Torneo San Viator"]
[Site "Madrid ESP"]
[Date "2014.05.11"]
[Round "6.15"]
[White "Andalon Gomez, Carlos J"]
[Black "Lacaci Otero, Ivan"]
[Result "1-0"]
[WhiteElo "2000"]
[BlackElo "1728"]
[PlyCount "71"]
[EventDate "2014.03.23"]
[EventType "swiss"]
[EventRounds "9"]
[EventCountry "ESP"]
[SourceTitle "Ajedrez en Madrid"]
[Source "lmi"]
[SourceDate "2014.03.23"]
[SourceVersion "1"]
[SourceVersionDate "2014.07.21"]
[SourceQuality "1"]

1. d4 Nf6 2. c4 e6 3. Nc3 c5 4. d5 d6 5. dxe6 Bxe6 6. e4 a6 7. f4 Nc6 8. Nf3
Be7 9. Be2 O-O 10. O-O Rb8 11. f5 Bc8 12. Bf4 Ng4 13. Nd5 Nge5 14. Nxe5 dxe5
15. Be3 b5 16. b3 Nd4 17. cxb5 axb5 18. Rc1 Nxf5 19. Rxf5 Bxf5 20. exf5 c4 21.
bxc4 bxc4 22. Bxc4 Ba3 23. Rc2 Qh4 24. Bb3 Rfd8 25. Rd2 Rdc8 26. Rf2 Rd8 27. f6
g6 28. Rd2 Qe4 29. Ba7 Rbc8 30. h3 h5 31. Ne7+ Bxe7 32. fxe7 Rxd2 33. Qxd2 Qa8
34. Qf2 Rc1+ 35. Kh2 Qe8 36. Qxf7+ 1-0

[Event "22. Torneo San Viator"]
[Site "Madrid ESP"]
[Date "2014.05.11"]
[Round "6.16"]
[White "Jordana Vargas, Julio"]
[Black "Sierra Bermejo, Gregorio"]
[Result "1-0"]
[WhiteElo "1948"]
[BlackElo "1661"]
[PlyCount "63"]
[EventDate "2014.03.23"]
[EventType "swiss"]
[EventRounds "9"]
[EventCountry "ESP"]
[SourceTitle "Ajedrez en Madrid"]
[Source "lmi"]
[SourceDate "2014.03.23"]
[SourceVersion "1"]
[SourceVersionDate "2014.07.21"]
[SourceQuality "1"]

1. c4 Nf6 2. Nc3 e5 3. Nf3 Nc6 4. d3 Bb4 5. Bd2 O-O 6. g3 d5 7. cxd5 Nxd5 8.
Bg2 Be6 9. O-O f5 10. Ng5 Bxc3 11. Nxe6 Qd6 12. Nxf8 Bxd2 13. Qxd2 Rxf8 14.
Rac1 Nce7 15. Qc2 c6 16. Qb3 Qb4 17. Qxb4 Nxb4 18. a3 Nbd5 19. Rc5 f4 20. b4 a6
21. Rfc1 g5 22. a4 g4 23. Be4 Kg7 24. b5 b6 25. Rxc6 Nxc6 26. Rxc6 Nf6 27. Rxf6
Rxf6 28. bxa6 Rf7 29. Bb7 Rc7 30. f3 gxf3 31. exf3 fxg3 32. hxg3 1-0

[Event "22. Torneo San Viator"]
[Site "Madrid ESP"]
[Date "2014.05.11"]
[Round "6.17"]
[White "Caballero Gallego, Luis"]
[Black "Yaniz Lana, Francisco Javier"]
[Result "1-0"]
[WhiteElo "1880"]
[BlackElo "1637"]
[PlyCount "77"]
[EventDate "2014.03.23"]
[EventType "swiss"]
[EventRounds "9"]
[EventCountry "ESP"]
[SourceTitle "Ajedrez en Madrid"]
[Source "lmi"]
[SourceDate "2014.03.23"]
[SourceVersion "1"]
[SourceVersionDate "2014.07.21"]
[SourceQuality "1"]

1. e4 c5 2. Nf3 d6 3. d4 Nf6 4. Nc3 cxd4 5. Nxd4 g6 6. Be3 Bg7 7. f3 O-O 8. Bc4
Nc6 9. Qd2 e6 10. O-O-O Na5 11. Be2 a6 12. h4 h5 13. Bg5 Qc7 14. g4 e5 15. Bxf6
Bxf6 16. Nd5 Qd8 17. Nxf6+ Qxf6 18. Qxa5 exd4 19. gxh5 Bd7 20. hxg6 b5 21.
gxf7+ Kxf7 22. Qd2 Rac8 23. Qxd4 Qh6+ 24. Kb1 Rc6 25. Qd5+ Ke8 26. Qg5 Qh7 27.
Rhg1 Kf7 28. h5 Rfc8 29. Bd3 Be6 30. e5 Qh8 31. Qg6+ Ke7 32. Qg5+ Kf8 33. Be4
Rc5 34. Rxd6 Qxe5 35. Rd8+ Rxd8 36. Qxd8+ Kf7 37. Bg6+ Kg7 38. Qe7+ Kh8 39.
Qh7# 1-0

[Event "22. Torneo San Viator"]
[Site "Madrid ESP"]
[Date "2014.05.11"]
[Round "6.18"]
[White "Campomanes Rodriguez, Javier"]
[Black "Navarro Fernandez, Miguel"]
[Result "1-0"]
[WhiteElo "1713"]
[BlackElo "1851"]
[PlyCount "85"]
[EventDate "2014.03.23"]
[EventType "swiss"]
[EventRounds "9"]
[EventCountry "ESP"]
[SourceTitle "Ajedrez en Madrid"]
[Source "lmi"]
[SourceDate "2014.03.23"]
[SourceVersion "1"]
[SourceVersionDate "2014.07.21"]
[SourceQuality "1"]

1. c4 Nf6 2. Nf3 g6 3. Nc3 Bg7 4. e4 d6 5. d4 Bg4 6. Be2 Nbd7 7. O-O e5 8. d5
O-O 9. h3 Bxf3 10. Bxf3 h6 11. g3 Nh7 12. Be3 f5 13. exf5 gxf5 14. Bg2 f4 15.
Bd2 Ng5 16. Ne4 Nxe4 17. Bxe4 fxg3 18. fxg3 Rxf1+ 19. Qxf1 Nf6 20. Bf5 Qe7 21.
Be6+ Kh8 22. Qf5 Nh7 23. Qg6 Qf6 24. Qxf6 Nxf6 25. Rf1 Rf8 26. Kg2 Ne4 27.
Rxf8+ Bxf8 28. Be3 b6 29. Bf5 Nf6 30. g4 Kg7 31. Kg3 Ng8 32. h4 Kf6 33. Be6 Ne7
34. g5+ hxg5 35. hxg5+ Kg6 36. Kg4 Bg7 37. b4 c5 38. bxc5 dxc5 39. a4 Bh8 40.
d6 Nc6 41. d7 Nd8 42. Bf5+ Kf7 43. g6+ 1-0

[Event "22. Torneo San Viator"]
[Site "Madrid ESP"]
[Date "2014.05.11"]
[Round "6.20"]
[White "Mosteiro Montoro, Alvaro"]
[Black "Linares Leyva, David"]
[Result "0-1"]
[WhiteElo "1654"]
[BlackElo "1838"]
[PlyCount "86"]
[EventDate "2014.03.23"]
[EventType "swiss"]
[EventRounds "9"]
[EventCountry "ESP"]
[SourceTitle "Ajedrez en Madrid"]
[Source "lmi"]
[SourceDate "2014.03.23"]
[SourceVersion "1"]
[SourceVersionDate "2014.07.21"]
[SourceQuality "1"]

1. d4 Nf6 2. Nf3 c5 3. d5 d6 4. c4 b5 5. cxb5 a6 6. Nc3 axb5 7. Nxb5 Qa5+ 8.
Nc3 g6 9. g3 Bg7 10. Bg2 Nbd7 11. O-O Nb6 12. Nd2 O-O 13. Re1 Ng4 14. Qc2 Bb7
15. h3 Ne5 16. b3 Nf3+ 17. Bxf3 Qxc3 18. Qxc3 Bxc3 19. Rb1 Rxa2 20. Rd1 Bxd5
21. Bxd5 Nxd5 22. Nc4 Bd4 23. Bb2 Nc3 24. Bxc3 Bxc3 25. Kf1 Rfa8 26. Nb6 R8a3
27. Na4 Bf6 28. Rd3 Rc2 29. Nb6 Raa2 30. Nd5 Kg7 31. Re3 e6 32. Nxf6 Kxf6 33.
b4 c4 34. Rd1 d5 35. Rd4 Rcb2 36. Rf3+ Ke7 37. e4 dxe4 38. Rxe4 Rb3 39. Rfe3 c3
40. Rc4 Rb1+ 41. Re1 c2 42. Rxc2 Rxe1+ 43. Kxe1 Rxc2 0-1

[Event "22. Torneo San Viator"]
[Site "Madrid ESP"]
[Date "2014.05.11"]
[Round "6.21"]
[White "San Felipe Gonzalez, Tomas"]
[Black "Garcia Martin, Juan Manuel"]
[Result "0-1"]
[WhiteElo "1701"]
[BlackElo "1787"]
[PlyCount "44"]
[EventDate "2014.03.23"]
[EventType "swiss"]
[EventRounds "9"]
[EventCountry "ESP"]
[SourceTitle "Ajedrez en Madrid"]
[Source "lmi"]
[SourceDate "2014.03.23"]
[SourceVersion "1"]
[SourceVersionDate "2014.07.21"]
[SourceQuality "1"]

1. Nf3 Nf6 2. b3 d5 3. Bb2 Nc6 4. e3 e6 5. Be2 Bd6 6. O-O e5 7. d3 O-O 8. Nbd2
Re8 9. c4 d4 10. exd4 Nxd4 11. Rc1 Nxe2+ 12. Qxe2 c5 13. Rfe1 Bf5 14. Nh4 Bg4
15. Nhf3 Bf5 16. Ne4 Nxe4 17. dxe4 Bg4 18. Qe3 Bxf3 19. Qxf3 Qa5 20. a4 Rad8
21. Rcd1 f6 22. Rd5 Qxe1# 0-1

[Event "22. Torneo San Viator"]
[Site "Madrid ESP"]
[Date "2014.05.11"]
[Round "6.22"]
[White "Begona Ortiz, Isaac"]
[Black "Marret, Constantin Pierre"]
[Result "1-0"]
[WhiteElo "1784"]
[BlackElo "1605"]
[PlyCount "81"]
[EventDate "2014.03.23"]
[EventType "swiss"]
[EventRounds "9"]
[EventCountry "ESP"]
[SourceTitle "Ajedrez en Madrid"]
[Source "lmi"]
[SourceDate "2014.03.23"]
[SourceVersion "1"]
[SourceVersionDate "2014.07.21"]
[SourceQuality "1"]

1. d4 Nf6 2. Nf3 d5 3. Bf4 g6 4. h3 Bg7 5. e3 O-O 6. Be2 Nbd7 7. c4 c5 8. b3
Qa5+ 9. Qd2 Qxd2+ 10. Nbxd2 cxd4 11. exd4 Re8 12. O-O Nh5 13. Bh2 e6 14. Rac1
Bh6 15. g4 Nf4 16. Bxf4 Bxf4 17. Rc2 a6 18. Ne1 e5 19. Ng2 Bh6 20. dxe5 Nxe5
21. cxd5 b5 22. f4 Nd7 23. Bf3 Ra7 24. Rfc1 Nb6 25. Ne4 Rd8 26. Nf6+ Kh8 27.
Rc7 Rxc7 28. Rxc7 Kg7 29. g5 Bxh3 30. Rc6 Nc8 31. gxh6+ Kxh6 32. Ne3 Nd6 33.
Rxa6 g5 34. Nfg4+ Bxg4 35. Nxg4+ Kh5 36. Nf6+ Kh4 37. Kf2 gxf4 38. Ne4 Nxe4+
39. Bxe4 Kh5 40. Rf6 Kg5 41. Rxf7 1-0

[Event "22. Torneo San Viator"]
[Site "Madrid ESP"]
[Date "2014.05.11"]
[Round "6.23"]
[White "Alonso Pardo, Daniel"]
[Black "Bustos Bernardo, Samuel"]
[Result "0-1"]
[WhiteElo "1552"]
[BlackElo "1777"]
[PlyCount "100"]
[EventDate "2014.03.23"]
[EventType "swiss"]
[EventRounds "9"]
[EventCountry "ESP"]
[SourceTitle "Ajedrez en Madrid"]
[Source "lmi"]
[SourceDate "2014.03.23"]
[SourceVersion "1"]
[SourceVersionDate "2014.07.21"]
[SourceQuality "1"]

1. d4 Nf6 2. c4 c5 3. Nf3 e6 4. Nbd2 d5 5. e3 Nc6 6. b3 Be7 7. Bb2 O-O 8. Be2
b6 9. O-O Bb7 10. a3 Rc8 11. Rc1 Nd7 12. cxd5 exd5 13. dxc5 bxc5 14. e4 d4 15.
Nc4 Qc7 16. Bd3 Nde5 17. Nfxe5 Nxe5 18. Nxe5 Qxe5 19. f4 Qe6 20. Bc4 Qxe4 21.
Rc2 Bd6 22. Bd3 Qe6 23. Rcf2 f5 24. Re2 Qf7 25. Qc2 Bd5 26. Bc4 Rb8 27. Qd3
Rxb3 28. Bxb3 Bxb3 29. Qa6 Bc4 30. Qxd6 Bxe2 31. Re1 d3 32. Bc3 c4 33. Qd4 h6
34. Rb1 Rc8 35. Rb5 Qc7 36. Qd5+ Kh8 37. Rb7 Qc5+ 38. Qxc5 Rxc5 39. Rxg7 d2 40.
Rxa7+ Kg8 41. Bxd2 c3 42. Bc1 Bd3 43. Kf2 Rb5 44. Be3 Rb2+ 45. Kg3 Be4 46. Rc7
Rxg2+ 47. Kh3 Rg4 48. Rc8+ Kf7 49. Rc7+ Ke6 50. Rxc3 Bg2# 0-1

[Event "22. Torneo San Viator"]
[Site "Madrid ESP"]
[Date "2014.05.11"]
[Round "6.24"]
[White "Sirera Ripoll, Jose"]
[Black "Dominguez Afonso, Ayraldo"]
[Result "1-0"]
[WhiteElo "1750"]
[BlackElo "1523"]
[PlyCount "75"]
[EventDate "2014.03.23"]
[EventType "swiss"]
[EventRounds "9"]
[EventCountry "ESP"]
[SourceTitle "Ajedrez en Madrid"]
[Source "lmi"]
[SourceDate "2014.03.23"]
[SourceVersion "1"]
[SourceVersionDate "2014.07.21"]
[SourceQuality "1"]

1. e4 e6 2. d4 d5 3. exd5 exd5 4. Nf3 Bg4 5. c4 Nf6 6. Nc3 c6 7. c5 Nbd7 8. Bd3
Be7 9. h3 Bh5 10. O-O O-O 11. Re1 Re8 12. Bf4 Nf8 13. g4 Bg6 14. Ne5 Bxd3 15.
Qxd3 Ne6 16. Bg3 Nd7 17. Nxf7 Kxf7 18. Rxe6 Bf6 19. Rd6 Qe7 20. g5 Bxg5 21.
Qf5+ Kg8 22. Rxd7 Qf6 23. Qxf6 Bxf6 24. Rd1 b6 25. Bd6 b5 26. Kf1 Re6 27. Rc7
b4 28. Ne2 Rae8 29. Rd2 Bg5 30. f4 Bd8 31. Rxa7 Re3 32. Be5 Bf6 33. Kg2 Re6 34.
Ng1 Bxe5 35. fxe5 Rg6+ 36. Kh2 Reg3 37. e6 Re3 38. Ra8# 1-0

[Event "22. Torneo San Viator"]
[Site "Madrid ESP"]
[Date "2014.05.11"]
[Round "6.26"]
[White "Perez Carballeira, Francisco"]
[Black "Uceda Martinez, Jacinto"]
[Result "0-1"]
[WhiteElo "1606"]
[BlackElo "1822"]
[PlyCount "49"]
[EventDate "2014.03.23"]
[EventType "swiss"]
[EventRounds "9"]
[EventCountry "ESP"]
[SourceTitle "Ajedrez en Madrid"]
[Source "lmi"]
[SourceDate "2014.03.23"]
[SourceVersion "1"]
[SourceVersionDate "2014.07.21"]
[SourceQuality "1"]

1. d4 f5 2. c4 Nf6 3. Nc3 e6 4. Bg5 Be7 5. e3 d5 6. cxd5 exd5 7. Bb5+ c6 8. Bd3
O-O 9. Nge2 Ne4 10. Bxe7 Qxe7 11. O-O Nd7 12. Bxe4 fxe4 13. Ng3 Qg5 14. Rc1 Nf6
15. Qd2 h5 16. f3 exf3 17. Rxf3 Bg4 18. Rf2 h4 19. Nh1 Rae8 20. Re1 Re7 21. h3
Bxh3 22. Rf4 Qg6 23. Qf2 Ng4 24. Rf5 Nxe3 25. Rg5 0-1

[Event "22. Torneo San Viator"]
[Site "Madrid ESP"]
[Date "2014.05.11"]
[Round "6.27"]
[White "Mateos Cordero, Francisco"]
[Black "Petru, Lucian Olimpiu"]
[Result "1/2-1/2"]
[WhiteElo "1597"]
[BlackElo "1805"]
[PlyCount "121"]
[EventDate "2014.03.23"]
[EventType "swiss"]
[EventRounds "9"]
[EventCountry "ESP"]
[SourceTitle "Ajedrez en Madrid"]
[Source "lmi"]
[SourceDate "2014.03.23"]
[SourceVersion "1"]
[SourceVersionDate "2014.07.21"]
[SourceQuality "1"]

1. d4 d5 2. c4 e5 3. e3 e4 4. cxd5 Qxd5 5. Qc2 Bb4+ 6. Bd2 Bxd2+ 7. Nxd2 Nf6 8.
Qxc7 O-O 9. Bc4 Qg5 10. Ne2 Nc6 11. a3 Bd7 12. O-O b5 13. Ba2 Rfe8 14. Bb1 Qg4
15. Ng3 Rac8 16. Qf4 Qxf4 17. exf4 e3 18. fxe3 Rxe3 19. Nf3 Bg4 20. Bf5 Rce8
21. Bxg4 Nxg4 22. Ne5 Ngxe5 23. dxe5 Nd4 24. Rfd1 Ne6 25. Rd7 Nxf4 26. Rf1 Ne6
27. Rfxf7 Rxe5 28. Rxa7 Rf8 29. Rxf8+ Kxf8 30. Rb7 h5 31. Kf2 Nd4 32. Rd7 Ne6
33. Ne2 Nc5 34. Rc7 Nd3+ 35. Kf3 g5 36. Ng1 Nxb2 37. h3 Nc4 38. Ra7 Re3+ 39.
Kf2 Rxa3 40. Rxa3 Nxa3 41. Nf3 g4 42. hxg4 hxg4 43. Nd2 Ke7 44. Kg3 Nc4 45. Nb3
Ne5 46. Kf4 Kd6 47. Ke4 b4 48. Nd4 Nc4 49. Nb3 Ke6 50. Nc5+ Kf6 51. g3 Kg5 52.
Ne6+ Kf6 53. Nc5 Kg5 54. Ne6+ Kh5 55. Nc5 Nd2+ 56. Kd3 Nf1 57. Ne4 Nxg3 58.
Nxg3+ Kh4 59. Ne4 Kh3 60. Nf2+ Kg3 61. Nxg4 1/2-1/2

[Event "22. Torneo San Viator"]
[Site "Madrid ESP"]
[Date "2014.05.11"]
[Round "6.29"]
[White "Simarro Cabrera, Jorge"]
[Black "Tsakas, Nikolaos"]
[Result "1-0"]
[WhiteElo "1581"]
[BlackElo "1738"]
[PlyCount "89"]
[EventDate "2014.03.23"]
[EventType "swiss"]
[EventRounds "9"]
[EventCountry "ESP"]
[SourceTitle "Ajedrez en Madrid"]
[Source "lmi"]
[SourceDate "2014.03.23"]
[SourceVersion "1"]
[SourceVersionDate "2014.07.21"]
[SourceQuality "1"]

1. e4 c5 2. Nf3 d6 3. d4 cxd4 4. Nxd4 Nf6 5. Nc3 Nc6 6. f3 Qb6 7. Nxc6 bxc6 8.
Bc4 g6 9. Qd3 Nd7 10. Qe3 Qb4 11. Qd4 Qc5 12. Qxh8 Qxc4 13. Bh6 Ba6 14. O-O-O
O-O-O 15. Qxh7 Kc7 16. Bxf8 Nxf8 17. Qg7 e5 18. Qf6 Nh7 19. Qh4 Rb8 20. Qe7+
Kb6 21. Qxd6 Re8 22. Nd5+ Ka5 23. Qa3+ Qa4 24. Qxa4+ Kxa4 25. Nc7 Rc8 26. Nxa6
Kb5 27. Rd7 Kxa6 28. Rxf7 Nf8 29. Rd1 Ne6 30. Rdd7 Rh8 31. Rxa7+ Kb6 32. Rfb7+
Kc5 33. Rh7 Rf8 34. a4 Nf4 35. g4 Ng2 36. Raf7 Rd8 37. a5 Ne3 38. Rd7 Rb8 39.
a6 Kb6 40. Rb7+ Rxb7 41. axb7 Ka7 42. b3 Ng2 43. h4 Nf4 44. h5 gxh5 45. gxh5
1-0

[Event "22. Torneo San Viator"]
[Site "Madrid ESP"]
[Date "2014.05.11"]
[Round "6.30"]
[White "Correas Aguilera, Eufemio"]
[Black "Dominguez Lerida, Nicolas"]
[Result "1/2-1/2"]
[WhiteElo "1727"]
[BlackElo "1577"]
[PlyCount "77"]
[EventDate "2014.03.23"]
[EventType "swiss"]
[EventRounds "9"]
[EventCountry "ESP"]
[SourceTitle "Ajedrez en Madrid"]
[Source "lmi"]
[SourceDate "2014.03.23"]
[SourceVersion "1"]
[SourceVersionDate "2014.07.21"]
[SourceQuality "1"]

1. Nf3 Nf6 2. c4 e6 3. g3 d5 4. Bg2 dxc4 5. Qa4+ Bd7 6. Qxc4 Bc6 7. O-O Be7 8.
d3 O-O 9. Nc3 a6 10. Qb3 b5 11. a3 Nbd7 12. Bf4 Rc8 13. Rac1 Bb7 14. Rfd1 c5
15. Be3 Ng4 16. Bd2 Qb6 17. Be1 Nge5 18. Nxe5 Nxe5 19. Ne4 Nd7 20. Bd2 Rfd8 21.
Be3 Qc7 22. Qa2 Bd5 23. Qb1 Qb7 24. f3 c4 25. dxc4 Rxc4 26. Nc3 Nf6 27. Nxd5
Nxd5 28. Rxc4 bxc4 29. f4 Qb3 30. Bf2 Bf6 31. e4 Nb6 32. Rxd8+ Bxd8 33. Bd4 Na4
34. Bf3 c3 35. Bd1 Qxb2 36. Qd3 Qb5 37. Qxb5 axb5 38. Bxa4 bxa4 39. Bxc3
1/2-1/2

[Event "22. Torneo San Viator"]
[Site "Madrid ESP"]
[Date "2014.05.11"]
[Round "6.31"]
[White "Corrochano Utrilla, David"]
[Black "Garcia Rojas, Juan Carlos"]
[Result "1-0"]
[WhiteElo "1710"]
[BlackElo "1548"]
[PlyCount "59"]
[EventDate "2014.03.23"]
[EventType "swiss"]
[EventRounds "9"]
[EventCountry "ESP"]
[SourceTitle "Ajedrez en Madrid"]
[Source "lmi"]
[SourceDate "2014.03.23"]
[SourceVersion "1"]
[SourceVersionDate "2014.07.21"]
[SourceQuality "1"]

1. e4 e5 2. Nf3 Nc6 3. d4 exd4 4. Nxd4 Nxd4 5. Qxd4 d6 6. Nc3 Be6 7. Bd3 Nf6 8.
f4 Be7 9. O-O O-O 10. f5 Bd7 11. Qf2 b6 12. Qg3 Kh8 13. b3 c5 14. Bb2 Bc6 15.
Bc4 a6 16. Rad1 b5 17. Bd5 Bxd5 18. Nxd5 Rg8 19. Nxe7 Qxe7 20. Bxf6 gxf6 21.
Qxd6 Qxe4 22. Qxf6+ Rg7 23. Rd2 Qe3+ 24. Rdf2 Rag8 25. h4 Qd4 26. Qxd4 cxd4 27.
Rd1 Rg4 28. Rfd2 Rxh4 29. Rxd4 Rxd4 30. Rxd4 1-0

[Event "22. Torneo San Viator"]
[Site "Madrid ESP"]
[Date "2014.05.11"]
[Round "6.32"]
[White "Franco Rincon, David"]
[Black "Gallego Romero, Manuel"]
[Result "1-0"]
[WhiteElo "1685"]
[BlackElo "1531"]
[PlyCount "93"]
[EventDate "2014.03.23"]
[EventType "swiss"]
[EventRounds "9"]
[EventCountry "ESP"]
[SourceTitle "Ajedrez en Madrid"]
[Source "lmi"]
[SourceDate "2014.03.23"]
[SourceVersion "1"]
[SourceVersionDate "2014.07.21"]
[SourceQuality "1"]

1. b4 e5 2. Bb2 d6 3. e3 Nf6 4. Nf3 a6 5. c4 Nc6 6. a3 Be7 7. Be2 h6 8. O-O O-O
9. Re1 Nh7 10. Qc2 Ng5 11. Nc3 Nxf3+ 12. Bxf3 f5 13. Bd5+ Kh8 14. d3 Bf6 15. f4
exf4 16. exf4 Bd4+ 17. Kh1 Bd7 18. Re2 Qh4 19. g3 Qh5 20. Rae1 Rae8 21. Kg2
Rxe2+ 22. Rxe2 Bf6 23. Bf3 Qxf3+ 24. Kxf3 Nd4+ 25. Kf2 Nxc2 26. Rxc2 Bd4+ 27.
Ke1 Re8+ 28. Re2 Rxe2+ 29. Kxe2 Be8 30. Nd1 Bg1 31. h4 Bh5+ 32. Kf1 Bh2 33. Ne3
Bxg3 34. Nxf5 Bxf4 35. Nxg7 Bg4 36. Ne6+ Be5 37. Bxe5+ dxe5 38. Nxc7 Kg7 39.
Nd5 Kg6 40. Kf2 Kh5 41. Kg3 Be2 42. d4 Bxc4 43. Nf6+ Kg6 44. dxe5 Kf5 45. Kf3
Kxe5 46. Ng4+ Kf5 47. Ne3+ 1-0

[Event "22. Torneo San Viator"]
[Site "Madrid ESP"]
[Date "2014.05.11"]
[Round "6.33"]
[White "Vega De Las Heras, Carlos"]
[Black "San Felipe Asis, Raquel"]
[Result "1/2-1/2"]
[WhiteElo "1560"]
[BlackElo "1654"]
[PlyCount "39"]
[EventDate "2014.03.23"]
[EventType "swiss"]
[EventRounds "9"]
[EventCountry "ESP"]
[SourceTitle "Ajedrez en Madrid"]
[Source "lmi"]
[SourceDate "2014.03.23"]
[SourceVersion "1"]
[SourceVersionDate "2014.07.21"]
[SourceQuality "1"]

1. d4 Nf6 2. c4 e5 3. dxe5 Ng4 4. Nf3 Nc6 5. Bf4 Bb4+ 6. Nbd2 Qe7 7. a3 Bc5 8.
e3 Ngxe5 9. Nxe5 Nxe5 10. Be2 a5 11. Nf3 Ng6 12. Bg3 O-O 13. Qd2 Re8 14. O-O d6
15. b4 Bb6 16. b5 a4 17. Nd4 Ba5 18. Qc2 Ne5 19. Qxa4 Bg4 20. Qc2 1/2-1/2

[Event "22. Torneo San Viator"]
[Site "Madrid ESP"]
[Date "2014.05.11"]
[Round "6.34"]
[White "Jimenez Gallego, Rafael"]
[Black "Barragan Panal, Juan Jose"]
[Result "1-0"]
[WhiteElo "1455"]
[BlackElo "1630"]
[PlyCount "113"]
[EventDate "2014.03.23"]
[EventType "swiss"]
[EventRounds "9"]
[EventCountry "ESP"]
[SourceTitle "Ajedrez en Madrid"]
[Source "lmi"]
[SourceDate "2014.03.23"]
[SourceVersion "1"]
[SourceVersionDate "2014.07.21"]
[SourceQuality "1"]

1. Nf3 Nf6 2. Nc3 d5 3. d4 Bf5 4. e3 e6 5. Bd3 Bg6 6. O-O Nbd7 7. Re1 Ne4 8.
Bxe4 dxe4 9. Nd2 f5 10. f3 Bh5 11. Rf1 g5 12. Qe1 exf3 13. Nxf3 g4 14. Nd2 Bg7
15. Ne2 Qe7 16. Nf4 Bg6 17. c3 Nf6 18. e4 fxe4 19. Nxg6 hxg6 20. Nxe4 Nxe4 21.
Qxe4 O-O-O 22. Qxg4 Rdf8 23. Rxf8+ Bxf8 24. Qxg6 Qh4 25. Qxe6+ Kd8 26. Qe5 Rh5
27. Qg3 Qxg3 28. hxg3 Bd6 29. Bf4 Rh8 30. Bxd6 cxd6 31. Re1 Rg8 32. Re3 Kd7 33.
Kf2 Rf8+ 34. Rf3 Rg8 35. Rf4 Ke6 36. Kf3 Rg7 37. g4 Kd5 38. b3 b5 39. Rf5+ Kc6
40. g5 a5 41. Kf4 b4 42. cxb4 axb4 43. Rf6 Kd5 44. g6 Kxd4 45. Rxd6+ Kc3 46.
Kf5 Ra7 47. Rc6+ Kb2 48. Re6 Kxa2 49. Re3 Ra5+ 50. Kf6 Ra6+ 51. Re6 Ra8 52. g7
Kxb3 53. Kf7 Ka2 54. g8=Q Rxg8 55. Kxg8 b3 56. g4 b2 57. Rb6 1-0

[Event "22. Torneo San Viator"]
[Site "Madrid ESP"]
[Date "2014.05.11"]
[Round "6.35"]
[White "Enriquez Pastor, Jorge"]
[Black "Perez Gonzalez, Manuel"]
[Result "1/2-1/2"]
[WhiteElo "1401"]
[BlackElo "1625"]
[PlyCount "48"]
[EventDate "2014.03.23"]
[EventType "swiss"]
[EventRounds "9"]
[EventCountry "ESP"]
[SourceTitle "Ajedrez en Madrid"]
[Source "lmi"]
[SourceDate "2014.03.23"]
[SourceVersion "1"]
[SourceVersionDate "2014.07.21"]
[SourceQuality "1"]

1. e4 d6 2. d4 Nf6 3. Nc3 g6 4. Nf3 Bg7 5. Bc4 O-O 6. O-O c6 7. Re1 b5 8. Bd3
b4 9. Na4 Bb7 10. b3 Nbd7 11. c3 bxc3 12. Nxc3 c5 13. Bb2 cxd4 14. Nxd4 Rc8 15.
Rc1 Nc5 16. Bb1 Qd7 17. Qd2 Ng4 18. Rcd1 Ne5 19. h3 Nc6 20. Nxc6 Bxc6 21. b4
Na4 22. Nxa4 Bxa4 23. Bxg7 Kxg7 24. Rc1 Qb7 1/2-1/2